5 in 15: African Countries Quiz Stats

 Plays Quiz Updated Sep 14, 2019

Score 0/5 Timer 00:15
9 Plays Today
% Correct
Correct M country.
92.8%
Correct border of Chad.
83.5%
Correct population country.
78.6%
Correct insular country.
63.8%
Correct equatorial country.
50.2%

You're not logged in!

Compare scores with friends on all Sporcle quizzes.
OR
Log In

Sporcle TV

Today on Sporcle TV


Watch our educational content, quiz creation guides, and fun videos on Sporcle TV.

Show Comments

Extras

Top Quizzes Today


Score Distribution

Your Account Isn't Verified!

In order to create a playlist on Sporcle, you need to verify the email address you used during registration. Go to your Sporcle Settings to finish the process.

Report this User

Report this user for behavior that violates our Community Guidelines.

Details: